000 00691nam a2200289Ia 4500
005 20260324145305.0
008 008 260324s9999 xx 000 0 eng d
020 _a9781315210148
037 _aEBOOK
040 _aCRL
040 _beng
040 _cCRL
041 _2eng
041 _aeng
084 _qCRL
100 _aJonathan P. West
_91222445
245 0 _aCareer Planning, Development, and Management
245 3 _bAn Annotated Bibliography
260 _bTaylor and Francis
260 _c1983
365 _a
365 _b205
856 _uhttp://www.taylorfrancis.com/books/9781315210148
942 _cEBOOK
999 _c1830131
_d1830131